| 000 | 00774nam a2200205 a 4500 | ||
|---|---|---|---|
| 003 | 0 | ||
| 005 | 20250224110942.0 | ||
| 008 | 111114s19uu xx 00 eng d | ||
| 050 |
_aPGS BF 723.E6 _b.M478 2011 |
||
| 100 | _aMcCarthy, Tadhg. | ||
| 245 |
_aFrequency of playing video games on the emotional behavior of SISC grade 6 students / _cTadhg Mc Carthy. |
||
| 260 |
_aLas PiƱas City, Philippines : _bSouthville International School and Colleges, _c2011. |
||
| 300 |
_a19 pages : _billustrations ; _c28 cm. |
||
| 504 | _aIncludes bibliographical references. | ||
| 650 |
_aVideo games _vPsychological aspects. |
||
| 650 | _aEmotional intelligence in children. | ||
| 650 | _aVideo games and children. | ||
| 650 |
_aSchool children _vPsychology. |
||
| 942 |
_2lcc _cPASS |
||
| 999 |
_c98618 _d98618 |
||